RRIM training manual on estate management and planning: November 1980 (Record no. 43379)

MARC details
000 -LEADER
fixed length control field 00325nam a2200109Ia 4500
082 ## - DEWEY DECIMAL CLASSIFICATION NUMBER
Classification number NR:631.1 1980
Item number RRM;1
245 #0 - TITLE STATEMENT
Title RRIM training manual on estate management and planning: November 1980
260 ## - PUBLICATION, DISTRIBUTION, ETC. (IMPRINT)
Place of publication Kuala Lumpur
Name of publisher RRIM
Year of publication 1980
650 ## - SUBJECT ADDED ENTRY--TOPICAL TERM
Topical Term Estate management
942 ## - ADDED ENTRY ELEMENTS (KOHA)
Koha item type Books
Holdings
Withdrawn status Lost status Damaged status Not for loan Home library Current library Date acquired Source of acquisition Full call number Accession Number Koha item type
        RRII Library RRII Library 16/12/2021 Gift NR:631.1 1980 RRM;1 G00102 Books